Biblioteca

El Corán (Registro nro. 66161)

Detalles MARC
000 -LÍDER
Campo fijo de descripción fija 01265nam a2200361 i 4500
001 - NÚMERO DE CONTROL
Campo de control 768714001
003 - IDENTIFICADOR DEL NÚMERO DE CONTROL
Campo de control CO-MdFUSB
005 - FECHA Y HORA DE LA ULTIMA TRANSACCIÓN
control field 20220625062550.0
007 - CAMPO FIJO DE DESCRIPCIÓN FIJA--INFORMACIÓN GENERAL
Campo fijo de descripción fija ta
008 - ELEMENTOS DE LONGITUD FIJA -- INFORMACIÓN GENERAL
Campo fijo de descripción fija -- Información general 051213t19862005sp ||| ||spa
017 ## - COPYRIGHT OR LEGAL DEPOSIT NUMBER
Copyright or legal deposit number B 39496-2005
Assigning agency Oficina Depósito Legal Barcelona
020 ## - NÚMERO INTERNACIONAL NORMALIZADO PARA LIBROS
Número Internacional Normalizado del libro 8425415705
040 ## - FUENTE DE CATALOGACIÓN
Agencia de catalogación original SpMaBN
Idioma de catalogación spa
Agencia que realiza la transcripción CO-MdFUSB
Convenciones de la descripción rdc
Agencia que realiza la modificación CO-MdFUSBC
041 1# - CÓDIGO DE IDIOMA
Código de idioma para texto/pista de sonido o título separado spa
Código de idioma original ara
082 ## - NÚMERO DE CLASIFICACIÓN DECIMAL DEWEY
Número de la edición del Dewey 23
Número de clasificación 297.122
Clave de autor-Numero de item C812
245 #3 - TÍTULO
Título del Material El Corán
Mención de responsabilidad, etc. / editado y traducido por Julio Cortés
250 ## - MENCIÓN DE EDICIÓN
Mención de edición Novena edición revisada
264 #1 - PRODUCCIÓN, PUBLICACIÓN, DISTRIBUCIÓN, MANUFACTURA, Y COPYRIGHT
Lugar de producción, publicación, distribución, manufactura Barcelona :
Nombre del productor, publicador, distribuidor Herder,
Fecha de producción, publicación, distribución, manufactura, o copyright [1986]
264 #4 - PRODUCCIÓN, PUBLICACIÓN, DISTRIBUCIÓN, MANUFACTURA, Y COPYRIGHT
Fecha de producción, publicación, distribución, manufactura, o copyright © 1986
300 ## - DESCRIPCIÓN FÍSICA
Extensión LXXX, 779 páginas.
Dimensiones 18 cm
336 ## - TIPO DE CONTENIDO
Fuente rdacontent
Término de tipo de contenido texto
Código de tipo de contenido txt
337 ## - TIPO DE MEDIO
Fuente rdamedia
Nombre del tipo de medio sin mediación
Código del tipo de medio n
338 ## - TIPO DE SOPORTE
Fuente rdacarrier
Nombre del tipo de soporte volumen
Código Tipo de soporte nc
505 ## - NOTA DE CONTENIDO
Nota de contenido con formato preestablecido Exordio. -- La vaca. -- La familia de Imrán. -- Las mujeres. -- Las mesas servidas. -- Los rebaños. -- Los lugares elevados. -- El botín. -- El arrepentimiento. -- Jonás. -- Hud. -- José. -- El trueno. -- Abraham. -- Al Hichr
563 ## - NOTA DE ENCUADERNACIÓN
Nota de encuadernación Rústico
650 #7 - ASIENTO SECUNDARIO DE MATERIA - TERMINO TEMÁTICO
Fuente del encabezamiento o término
Término temático o nombre geográfico como elemento de entrada Islamismo
9 (RLIN) 6903
653 ## - TÉRMINO DE INDIZACIÓN - NO CONTROLADO
Término no controlado Corán
700 1# - ASIENTO SECUNDARIO - NOMBRE PERSONAL
Nombre personal Cortés, Julio
Fechas asociadas con el nombre 1924-2009
Responsabilidad editor y traductor
942 ## - TIPO DE MATERIAL (KOHA)
Tipo de Item KOHA Libros General
945 ## - INFORMACIÓN LOCAL DEL REGISTRO
Catalogador JTF-925
Revisión registro AEM-53
Existencias
Estado de Material Estado de Perdido Forma de Clasificación Estado de Dañado No para Préstamo Colección Biblioteca de Origen Biblioteca Permanente Fecha de Adquisición Área Total de Préstamos Signatura Topográfica Código de Barras Última vez visto Ejemplar/Existencia Fecha de Remplazo Tipo de Material
    Dewey Decimal Classification     Colección General Biblioteca FUSBC Biblioteca FUSBC 18/06/2020 BIBLIA   G 297.122 C812c 11832 18/06/2020 Ej.1 18/06/2020 Libros General

Biblioteca FUSBC | Teléfono: (57+4) 349 88 10 Ext. 141| WhatsApp (+57) 3005338115 
E-mail: biblioteca@unisbc.edu.co | Calle 76 87-14 Robledo Palenque, Medellín, Colombia

Con tecnología Koha